<?xml version="1.0" encoding="UTF-8"?><?xml-stylesheet type="text/xsl" href="static/style.xsl"?><OAI-PMH xmlns="http://www.openarchives.org/OAI/2.0/" xmlns:xsi="http://www.w3.org/2001/XMLSchema-instance" xsi:schemaLocation="http://www.openarchives.org/OAI/2.0/ http://www.openarchives.org/OAI/2.0/OAI-PMH.xsd"><responseDate>2026-04-14T04:26:52Z</responseDate><request verb="GetRecord" identifier="oai:www.recercat.cat:20.500.12327/171" metadataPrefix="marc">https://recercat.cat/oai/request</request><GetRecord><record><header><identifier>oai:recercat.cat:20.500.12327/171</identifier><datestamp>2025-10-22T11:05:17Z</datestamp><setSpec>com_2072_4428</setSpec><setSpec>com_2072_4427</setSpec><setSpec>col_2072_487898</setSpec></header><metadata><record xmlns="http://www.loc.gov/MARC21/slim" xmlns:dcterms="http://purl.org/dc/terms/" xmlns:xsi="http://www.w3.org/2001/XMLSchema-instance" xmlns:doc="http://www.lyncode.com/xoai" xsi:schemaLocation="http://www.loc.gov/MARC21/slim http://www.loc.gov/standards/marcxml/schema/MARC21slim.xsd">
   <leader>00925njm 22002777a 4500</leader>
   <datafield ind2=" " ind1=" " tag="042">
      <subfield code="a">dc</subfield>
   </datafield>
   <datafield ind2=" " ind1=" " tag="720">
      <subfield code="a">Goonetilleke, Shashi N.</subfield>
      <subfield code="e">author</subfield>
   </datafield>
   <datafield ind2=" " ind1=" " tag="720">
      <subfield code="a">March, Timothy J.</subfield>
      <subfield code="e">author</subfield>
   </datafield>
   <datafield ind2=" " ind1=" " tag="720">
      <subfield code="a">Wirthensohn, Michelle</subfield>
      <subfield code="e">author</subfield>
   </datafield>
   <datafield ind2=" " ind1=" " tag="720">
      <subfield code="a">Arús, Pere</subfield>
      <subfield code="e">author</subfield>
   </datafield>
   <datafield ind2=" " ind1=" " tag="720">
      <subfield code="a">Walker, Amanda R.</subfield>
      <subfield code="e">author</subfield>
   </datafield>
   <datafield ind2=" " ind1=" " tag="720">
      <subfield code="a">Mather, Diane E.</subfield>
      <subfield code="e">author</subfield>
   </datafield>
   <datafield ind2=" " ind1=" " tag="260">
      <subfield code="c">2017-11-15</subfield>
   </datafield>
   <datafield ind2=" " ind1=" " tag="520">
      <subfield code="a">In crop plant genetics, linkage maps provide the basis for the mapping of loci that affect important traits and for the selection of markers to be applied in crop improvement. In outcrossing species such as almond (Prunus dulcis Mill. D. A. Webb), application of a double pseudotestcross mapping approach to the F1 progeny of a biparental cross leads to the construction of a linkage map for each parent. Here, we report on the application of genotyping by sequencing to discover and map single nucleotide polymorphisms in the almond cultivars "Nonpareil" and "Lauranne." Allele-specific marker assays were developed for 309 tag pairs. Application of these assays to 231 Nonpareil × Lauranne F1 progeny provided robust linkage maps for each parent. Analysis of phenotypic data for shell hardness demonstrated the utility of these maps for quantitative trait locus mapping. Comparison of these maps to the peach genome assembly confirmed high synteny and collinearity between the peach and almond genomes. The marker assays were applied to progeny from several other Nonpareil crosses, providing the basis for a composite linkage map of Nonpareil. Applications of the assays to a panel of almond clones and a panel of rootstocks used for almond production demonstrated the broad applicability of the markers and provide subsets of markers that could be used to discriminate among accessions. The sequence-based linkage maps and single nucleotide polymorphism assays presented here could be useful resources for the genetic analysis and genetic improvement of almond.</subfield>
   </datafield>
   <datafield ind1="8" ind2=" " tag="024">
      <subfield code="a">Goonetilleke, Shashi N., Timothy J. March, Michelle G. Wirthensohn, Pere Arús, Amanda R. Walker, and Diane E. Mather. 2017. "Genotyping By Sequencing In Almond: SNP Discovery, Linkage Mapping, And Marker Design". G3&amp;Amp;#58; Genes|Genomes|Genetics 8 (1): 161-172. Genetics Society of America. doi:10.1534/g3.117.300376.</subfield>
   </datafield>
   <datafield ind1="8" ind2=" " tag="024">
      <subfield code="a">2160-1836</subfield>
   </datafield>
   <datafield ind1="8" ind2=" " tag="024">
      <subfield code="a">http://hdl.handle.net/20.500.12327/171</subfield>
   </datafield>
   <datafield ind1="8" ind2=" " tag="024">
      <subfield code="a">https://doi.org/10.1534/g3.117.300376</subfield>
   </datafield>
   <datafield ind2="0" ind1="0" tag="245">
      <subfield code="a">Genotyping by Sequencing in Almond: SNP Discovery, Linkage Mapping, and Marker Design</subfield>
   </datafield>
</record></metadata></record></GetRecord></OAI-PMH>